Responses for Show #9036 - Monday, February 12, 2024

2024 Champions Wildcard Group 2 quarterfinal game 6.

Contestants

[<< previous game]

Dan Wohl, a high school history teacher from Brooklyn New York

Donna Matturri, a librarian from Columbus, Ohio

Sriram Krishnan, a consultant from Falls Church, Virginia

[next game >>]

Jeopardy! Round responses

POP CULTURE VS.
AIRLINE LOGOS
INITIALS OF HISTORIC PEOPLE
SOME VERY MOVING WORDS
LIFE IN THE 1920s
GENIUS: MLK/X
(Kelvin: I'm Kelvin Harrison Jr. Did they oppose or reinforce each other? I play Martin Luther King in Genius: MLK/X, a new National Geographic series about the entwined careers of two giants of civil rights.)
    $200 8
the Red Baron

Donna
    $200 29
Qantas

Donna
    $200 14
Leif Erikson

Donna
    $200 10
dashing

Dan
    $200 15
Sandy

Donna
    $200 30
(Ken: Genius: MLK/X is streaming now on Disney+ and Hulu.)

the Vietnam War

Dan
    $400 7
Halo

Donna
    $400 4
Delta

Dan
    $400 13
Golda Meir

Donna
    $400 9
an advance

Donna
    $400 28
(Sriram: What is... swing?)

the Jazz Age

SriramDonna
    $400 24
bullet

Donna
    $600 1
Man v. Food

Sriram
    $600 18
Hawaiian

Dan
    $600 5
Nellie Bly

Donna
    $600 27
(Dan: What is shuttle?)

to trek

Dan
Triple Stumper
    $600 16
mahjong

Dan
    $600 3
nonviolence

Sriram
    $800 2
Scott Pilgrim

Dan
    $800 19
a shamrock

Sriram
    $800 11
Dmitry Medvedev

Sriram
    $800 23
flow

Sriram
    $800 22
"Sweet Georgia Brown"

Sriram
    $800 17
Betty Shabazz

Sriram
    $1000 6
Larry Flynt

Donna
    $1000 20
a maple leaf

Donna
    $1000 12
Catherine Howard

Donna
    $1000 25
a bustle

Donna
    $2,500 21
(Donna: [Exhales deeply] Who is... Eleanor Roosevelt?)

Margaret Sanger

Donna
    $1000 26
Ralph Abernathy

Triple Stumper

Scores at the first commercial break (after clue 15):

Sriram Donna Dan
$2,000 $4,400 $1,400

Scores at the end of the Jeopardy! Round:

Sriram Donna Dan
$4,800 $4,900 $2,200

Double Jeopardy! Round responses

FICTIONAL CHARACTERS
OCEANOGRAPHY
MUSICIANS OF THE 1960s
HOMES
INTERNATIONAL ORGANIZATIONS
RHYMING SYNONYMS
(Ken: You'll need to give us both words.)
    $400 10
Hermione Granger

Dan
    $400 23
waves

Sriram
    $400 13
Jimi Hendrix

Triple Stumper
    $400 26
Sigmund Freud

Donna
    $400 30
Libya

Dan
    $400 27
the bow or the prow

Triple Stumper
    $800 7
Matilda

Sriram
    $800 24
(Sriram: What are reefs?)
(Ken: Be more specific?)

coral reefs

Sriram
    $800 14
Tommy

Sriram
    $800 21
Giverny

Dan
    $800 15
the IMF

Sriram
    $800 17
clasp & grasp

Donna
    $5,000 6
Harry Bosch

Donna
    $1200 25
the Canary Islands

Donna
    $1200 1
The Kinks

Dan
    $1200 8
Kubrick

Sriram
    $1200 11
(Dan: What is Commerce?)

the World Customs Organization

Dan
Triple Stumper
    $1200 18
bright light

Donna
    $1600 4
Lady Chatterley

Donna
    $1600 28
(Dan: What is blue?)

red algae

Dan
Triple Stumper
    $1600 2
Nina Simone

Dan
    $1600 9
Long Day's Journey Into Night

Donna
    $4,200 12
the French Foreign Legion

Dan
    $1600 19
squeak & creak

Sriram
    $2000 5
The Dark Tower

Donna
    $2000 29
the Puerto Rico Trench

Triple Stumper
    $2000 3
Joan Baez

Donna
    $2000 22
Beauvoir

Triple Stumper
    $2000 16
the Sandinistas

Sriram
    $2000 20
(Dan: What are... valleys and alleys?)

a dale or a vale

Dan
Triple Stumper

Scores at the end of the Double Jeopardy! Round:

Sriram Donna Dan
$13,200 $20,700 $6,000

[wagering suggestions for these scores]

Final Jeopardy! Round responses

U.S. STAMPS
(Ken: [To Dan] Title [*] is the law.)
DanWhat is IX
$1,000
SriramWhat is IX
$13,200
DonnaWhat is LXII?
$5,800
IX

Final scores:

Sriram Donna Dan
$26,400 $14,900 $7,000
Winner: semifinalist 2nd place: $5,000 3rd place: $5,000

Game dynamics:

Coryat scores:

Sriram Donna Dan
$13,200 $19,400 $3,400
15 R,
1 W
23 R
(including 1 DD),
1 W
(including 1 DD)
12 R
(including 1 DD),
4 W

Combined Coryat: $36,000

[game clues] [game scores] [suggest correction]

Game tape date: 2024-01-18
The J! Archive is created by fans, for fans. Scraping, republication, monetization, and malicious use prohibited; this site may use cookies and collect identifying information. See terms. The Jeopardy! game show and all elements thereof, including but not limited to copyright and trademark thereto, are the property of Jeopardy Productions, Inc. and are protected under law. This website is not affiliated with, sponsored by, or operated by Jeopardy Productions, Inc. Join the discussion at JBoard.tv.